फहत जा पंचधार / (Record no. 115804)

MARC details
000 -LEADER
fixed length control field 01022nam a22002537a 4500
005 - DATE AND TIME OF LATEST TRANSACTION
control field 20170124103029.0
010 ## - LIBRARY OF CONGRESS CONTROL NUMBER
LC control number B-247095
020 ## - INTERNATIONAL STANDARD BOOK NUMBER
Terms of availability 320.00
035 ## - SYSTEM CONTROL NUMBER
System control number B-247095
037 ## - SOURCE OF ACQUISITION
Source of stock number/acquisition Cen Lib/Ret
040 ## - CATALOGING SOURCE
Original cataloging agency DPL
Language of cataloging HN
082 ## - DEWEY DECIMAL CLASSIFICATION NUMBER
Classification number
Item number नौटिया
100 ## - MAIN ENTRY--PERSONAL NAME
Personal name नौटियाल, विद्या सागर
9 (RLIN) 7439
245 ## - TITLE STATEMENT
Title फहत जा पंचधार /
Statement of responsibility, etc विद्यासागर नौटियाल
246 ## - VARYING FORM OF TITLE
Title proper/short title Phat ja panchdhaar
Remainder of title by Vidyasagar Noutiyal
260 ## - PUBLICATION, DISTRIBUTION, ETC. (IMPRINT)
Place of publication, distribution, etc नॉएडा
Name of publisher, distributor, etc रेमाधव पब्लिकेशन
Date of publication, distribution, etc 2007
270 ## - ADDRESS
Address सी -94, सेक्टर 63
City नॉएडा
Postal code 201301
300 ## - PHYSICAL DESCRIPTION
Extent xiv,244पृष्ठ.
Dimensions 20सेमी(सजिल्द)
650 ## - SUBJECT ADDED ENTRY--TOPICAL TERM
Topical term or geographic name as entry element हिंदी साहित्य
9 (RLIN) 63318
650 ## - SUBJECT ADDED ENTRY--TOPICAL TERM
Topical term or geographic name as entry element हिंदी कहानी -संग्रह
9 (RLIN) 63319
650 ## - SUBJECT ADDED ENTRY--TOPICAL TERM
Topical term or geographic name as entry element Hindi literature
9 (RLIN) 63320
650 ## - SUBJECT ADDED ENTRY--TOPICAL TERM
Topical term or geographic name as entry element Hindi story - Collection
9 (RLIN) 59250
942 ## - ADDED ENTRY ELEMENTS (KOHA)
Source of classification or shelving scheme Dewey Decimal Classification
Koha item type Hindi Books
Classification part
Call number suffix नौटिया
Holdings
Withdrawn status Lost status Damaged status Not for loan Home library Current library Date acquired Source of acquisition Cost, normal purchase price Total Checkouts Total Renewals Full call number Barcode Date last seen Date checked out Copy number Cost, replacement price Price effective from Koha item type
        Central Library Central Library 21/08/2015 Cen Lib/Ret 320.00 3 2 क नौटिया B-247095 10/10/2019 25/09/2019 1 320.00 21/08/2015 Hindi Books

© Delhi Public Library
Hit Counter
free hit counter